000 00314nam a22001337a 4500
008 170315b xxu||||| |||| 00| 0 eng d
020 _a9780397549443
041 _aeng
080 _25 ED
_a611
100 _a7
101 _aSHM
245 _aSTRUCTURE AND FUNCTION OF THE HUMAN BODY
_cMEMMIER.R.L
942 _2udc
_cBK
999 _c7829
_d7829